000 00571cam a22002291 4500
001 sa 67004644
003 DLC
005 20260227112349.0
008 910712s1965 np 000 0 nepo
010 _asa 67004644
035 _a(OCoLC)24063384
040 _aDLC
_cWaU
_dDLC
042 _apremarc
043 _aa-np---
050 0 0 _aDS485.N4
_bS57
100 1 _aSijapati, Ambika,
_d1939-
245 1 0 _aViśva pārasparika samajha ra Nepāla.
260 _c[1965 or 6]
300 _a80 p.
_c23 cm.
500 _aIn Nepali.
651 0 _aNepal
_xForeign relations.
999 _c74651
_d74651